Entry Personal Name
Number of records used in: 1
001 - CONTROL NUMBER
003 - CONTROL NUMBER IDENTIFIER
005 - DATE AND TIME OF LATEST TRANSACTION
- control field:
20231121162405.0
008 - FIXED-LENGTH DATA ELEMENTS
- fixed length control field:
800718n| azannaabn |a aaa |||
010 ## - LIBRARY OF CONGRESS CONTROL NUMBER
- LC control number:
n 50025210
035 ## - SYSTEM CONTROL NUMBER
- System control number:
(Uk)000146688
035 ## - SYSTEM CONTROL NUMBER
- System control number:
(CaEvSKY)skya1147008
040 ## - CATALOGING SOURCE
- Original cataloging agency:
DLC
- Language of cataloging:
eng
- Description conventions:
rda
- Transcribing agency:
DLC
- Modifying agency:
DLC
- Modifying agency:
Uk
- Modifying agency:
DLC
- Modifying agency:
MX-SlUA
046 ## - SPECIAL CODED DATES
- Birth date:
1932-04-17
- Source of date scheme:
edtf
100 1# - HEADING--PERSONAL NAME
- Personal name:
Smith, John E.
- Fuller form of name:
(John Edward),
- Dates associated with a name:
1932-
373 ## - ASSOCIATED GROUP
- Associated group:
University of Strathclyde
- Source of term:
naf
374 ## - OCCUPATION
- Occupation:
College teachers
- Source of term:
lcsh
377 ## - ASSOCIATED LANGUAGE
378 ## - FULLER FORM OF PERSONAL NAME
- Fuller form of personal name:
John Edward
400 1# - SEE FROM TRACING--PERSONAL NAME
- Personal name:
Smith, J. E.
- Fuller form of name:
(John Edward),
- Dates associated with a name:
1932-
400 1# - SEE FROM TRACING--PERSONAL NAME
- Personal name:
Smith, John,
- Dates associated with a name:
1932 April 17-
670 ## - SOURCE DATA FOUND
- Source citation:
Society for General Microbiology.
- Information found:
Microbial ... 1973.
670 ## - SOURCE DATA FOUND
- Source citation:
Fungal differentiation, c1983:
- Information found:
CIP t.p. (John E. Smith; Strathclyde Univ., Glasgow) data sheet (b. 4/17/32)
670 ## - SOURCE DATA FOUND
- Source citation:
His Mycotoxins, c1985:
- Information found:
CIP t.p. (J.E. Smith)
670 ## - SOURCE DATA FOUND
- Source citation:
His Biotechnology in the food and agro industries, 1991:
- Information found:
t.p. (Prof. John Smith)
670 ## - SOURCE DATA FOUND
- Source citation:
BL AL recd. 20 Oct. 1988
- Information found:
(John Edward Smith, born 1932)
670 ## - SOURCE DATA FOUND
- Source citation:
Biotecnología, ©2006:
- Information found:
title page (John E. Smith)